• 首页
  • 本馆介绍
  • 公告通知
  • 最新文献
  • 馆藏检索
  • 电子资源
  • 读者导购
  • 参考咨询
  • 我的图书馆
  • 登录
  • 详细信息显示
  • 放入我的书架
  • 预约/预借图书
  • 作者相关作品
  • 分类相关作品
  • 丛书相关作品
  • 出版社相关作品

书目信息

  • 表格格式
  • 工作单格式
  • 卡片格式
题名:
中国机读规范格式使用手册
    
 
作者: ;国家图书馆图书采编部
分册:  
出版信息: 北京   不详  1999
页数: 183页
开本: 26cm
丛书名:
单 册:
中图分类: G254.364
科图分类:
主题词: 图书馆学 , 图书馆事业
电子资源:
ISBN:
000 00841nam0 2200205 450
001 0763664286
005 20070728162055.54
010    @dCNY58.00
100    @a20070725d1999 km y0chiy0120 ea
101 0  @achi
102    @aCN@b110000
200 1  @a中国机读规范格式使用手册@Azhong guo ji du gui fan ge shi shi yong shou ce@a中文图书名称规范数据款目著录规则@Azhong wen tu shu ming cheng gui fan shu ju kuan mu zhu lu gui ze@a中文图书主题规范数据款目著录规则@Azhong wen tu shu zhu ti gui fan shu ju kuan mu zhu lu gui ze@f国家图书馆图书采编部@Fguo jia tu shu guan tu shu cai bian bu
210    @a北京@c不详@d1999
215    @a183页@d26cm
606 0  @a图书馆学
606 0  @a图书馆事业
690    @aG254.364@v3
711 02 @a国家图书馆图书采编部@Aguo jia tu shu guan tu shu cai bian bu
801  0 @aCN@bPFT@c20070728
905    @a10447@dG254.364@e104
    
    中国机读规范格式使用手册;中文图书名称规范数据款目著录规则;中文图书主题规范数据款目著录规则/国家图书馆图书采编部.-北京:不详,1999
    183页;26cm
    
    
    ISBN :CNY58.00
    
●
相关链接 在E读中查询图书 在五车中查询图书 在当当中查询图书 在豆瓣中查询图书


正题名:中国机读规范格式使用手册     索取号:G254.364/104         预约/预借

序号 登录号 条形码 馆藏地/架位号 状态 备注
1 0784488   207844886   第四借阅区/ [索取号:G254.364/104] 在馆    
唐山师范学院图书馆 欢迎您!
大连网信软件有限公司© 版权所有